[Event "COL-ch U2000"]
[Site "Pereira"]
[Date "2019.03.24"]
[Round "7"]
[White "Lopez Ramirez, Jorge Hernan"]
[Black "Acevedo Romero, Carlos Andres"]
[Result "1-0"]
[WhiteElo "1968"]
[BlackElo "1708"]
[PlyCount "77"]
[EventDate "2019.03.21"]
[EventType "swiss"]
[EventRounds "9"]
[EventCountry "COL"]
[SourceTitle "CBM 189 Extra"]
[Source "ChessBase"]
[SourceDate "2019.06.03"]
[SourceVersion "1"]
[SourceVersionDate "2019.06.03"]
[SourceQuality "1"]

1. e4 c5 2. Nf3 Nc6 3. d4 cxd4 4. Nxd4 d6 5. c4 Nf6 6. Nc3 g6 7. Be2 Bg7 8. Be3 a6 9. Nb3 0-0 10. 0-0 Be6 11. f4 Qd7 12. Nd5 Bxd5 13. cxd5 Nd8 14. Bf3 Ne8 15. Qe2 f5 16. Nd4 fxe4 17. Bg4 Qa4 18. b3 Qa5 19. Rad1 Nf6 20. Be6+ Kh8 21. f5 Nxe6 22. Nxe6 Nxd5 23. Nxf8 Rxf8 24. fxg6 Rxf1+ 25. Rxf1 hxg6 26. Bf2 Nc3 27. Qg4 Qf5 28. Qh4+ Kg8 29. Qxe7 Be5 30. Re1 b5 31. a3 Qf7 32. Qg5 Qf5 33. Qd2 Qh5 34. g3 Qf5 35. Bd4 Bxd4+ 36. Qxd4 Qf3 37. Qe3 Qf6 38. Rf1 Qe5 39. Qa7 1-0